| Tag |
First Indicator |
Second Indicator |
Subfields |
| LEADER |
00000cam a2200000 4500 |
| 001 |
in00000074252 |
| 005 |
20151008052544.0 |
| 008 |
770625r1939 nyu 00000 eng |
| 010 |
|
|
|a 40005812
|
| 035 |
|
|
|a (OCoLC)03068952
|
| 035 |
|
|
|9 AAH3867AM
|
| 040 |
|
|
|a DLC
|c OCP
|d TXA
|d UtOrBLW
|
| 049 |
|
|
|a TXAM
|c [170137]
|
| 050 |
|
0 |
|a Z7911
|b .S42
|
| 082 |
0 |
|
|a 016.6
|
| 092 |
|
|
|a 371.426
|b AS422s
|
| 100 |
1 |
|
|a Scoggin, Margaret Clara,
|d 1905-
|
| 245 |
1 |
0 |
|a Simple technical books ;
|b a list for vocational students and adult workmen /
|c compiled by Margaret C. Scoggin.
|
| 264 |
|
1 |
|a New York :
|b The New York public library,
|c 1939.
|
| 300 |
|
|
|a 58 pages ;
|c 26 cm.
|
| 336 |
|
|
|a text
|b txt
|2 rdacontent
|
| 337 |
|
|
|a unmediated
|b n
|2 rdamedia
|
| 338 |
|
|
|a volume
|b nc
|2 rdacarrier
|
| 500 |
|
|
|a Classified and annotated with subject index.
|
| 500 |
|
|
|a "Reprinted with revisions and additions from the Bulletin of the New York public library of January-February, April, 1939."
|
| 650 |
|
0 |
|a Industrial arts
|v Bibliography.
|
| 999 |
|
|
|a MARS
|
| 999 |
f |
f |
|s d542178f-51cc-3130-9949-d8fdc591237c
|i 288f8c2e-9637-36a3-a42b-c9969891eea5
|t 0
|
| 952 |
f |
f |
|p ric
|a Texas A&M University
|b Rellis Campus
|c Joint Library Facility
|d Remote Storage
|t 0
|e Z7911 .S42
|h Library of Congress classification
|i unmediated -- volume
|m A14842628837
|
| 998 |
f |
f |
|a Z7911 .S42
|t 0
|l Remote Storage
|